000 00821nam a2200253Ia 4500
003 OSt
005 20220928104805.0
006 a|||||r|||| 00| 0
007 ta
008 220927b |||||||| |||| 00| 0 hin d
020 _c650
024 _a127464
037 _b4551, 20/11/2015, Meharchand Lachhmandas Publicaitons
_cTextual
040 _aSDCL
_cSDCL
_bhin
041 _2hin
_ahin
082 _aO15,1N36,1, P9;1
100 _aDikshit Hari Narayan
_9392984
245 0 _aAjamohabhangam
_b A Khandakavya with self-made hindi translation
260 _aDelhi
_bEastern Book Linkers
_c2009
300 _a305p
_ccm.
650 _aSanskrit
_9391587
942 _hO15,1N36,1, P9;1
_cTEXL
_2CC
999 _c727797
_d727797